الشيطان في الكتاب والسنة / (رقم التسجيلة. 1353)

تفاصيل مارك
000 -الفاتح
عناصر البيانات ثابتة الطول 00724cam a2200205 i 4500
005 - تاريخ ووقت آخر معاملة
حقل ضبط 20251203124813.0
008 - عناصر البيانات ثابتة الطول
عناصر البيانات ثابتة الطول 250721s2001 le gr 000 0 ara d
082 14 - رقم تصنيف ديوي العشري
رقم التصنيف 214.2
رقم المادة ج ب ا
100 1# - مدخل رئيسي – اسم شخصي
الاسم الشخصي الجبالي، أبو محمد
علاقة الشخص بالعمل/ دوره مؤلف.
245 12 - بيان العنوان
العنوان الشيطان في الكتاب والسنة /
بيان المسؤولية تأليف ابو محمد الجبالي.
250 ## - بيان الطبعة
بيان الطبعة الطبعة الاولى.
264 ## - بيانات النشر، التوزيع…إلخ
مكان النشر، التوزيع...إلخ بيروت :
اسم الناشر، الموزع...إلخ دار اليوسف،
تاريخ النشر، التوزيع...إلخ 2001.
264 ## - بيانات النشر، التوزيع…إلخ
مكان النشر، التوزيع...إلخ الزرقاء :
اسم الناشر، الموزع...إلخ مكتبة الامام علي للنشر،
تاريخ النشر، التوزيع...إلخ 2001.
300 ## - الوصف المادي
عدد الوحدات المكونة للوعاء 200 صفحه.
650 17 - مدخل إضافي بالموضوع - مصطلح موضوعي
مصطلح موضوعي أو اسم جغرافي كعنصر مدخل الإسلام.
650 17 - مدخل إضافي بالموضوع - مصطلح موضوعي
مصطلح موضوعي أو اسم جغرافي كعنصر مدخل القرآن الكريم.
650 17 - مدخل إضافي بالموضوع - مصطلح موضوعي
مصطلح موضوعي أو اسم جغرافي كعنصر مدخل الشيطان.
942 ## - بيانات إضافية (كوها)
نوع التنصيف Dewey Decimal Classification
نوع المادة (كوها) كتب
المقتنيات
حالة السحب حالة الفقدان مصدر التصنيف حالة التلف غير قابل للإعارة المكتبة الرئيسية المكتبة الحالية موقع الرف تاريخ التزويد الرقم المتسلسل Total Checkouts رقم الإستدعاء الباركود تاريخ آخر ظهور تاريخ الفاتورة نوع المادة (كوها)
    Dewey Decimal Classification     المكتبة المركزية المكتبة المركزية الإعارة 06/07/2004 445393   214.2/جبا 445393 28/07/2025 06/07/2004 كتب
    Dewey Decimal Classification     المكتبة المركزية المكتبة المركزية الإعارة 06/07/2004 445391   214.2/جبا 445391 28/07/2025 06/07/2004 كتب
    Dewey Decimal Classification     المكتبة المركزية المكتبة المركزية الإعارة 01/11/2009 445394   214.2 / ج ب ا PLD00116477 28/07/2025 01/11/2009 كتب
    Dewey Decimal Classification     مكتبة أبو علندا العامة مكتبة أبو علندا العامة الإعارة 01/02/2009 445413   214.2/جبا PLD00069728 28/07/2025 01/02/2009 كتب
    Dewey Decimal Classification     مكتبة أم قصير والمقابلين العامة مكتبة أم قصير والمقابلين العامة الإعارة 28/07/2025 445412   214.2/جبا 445412 28/07/2025 28/07/2025 كتب
    Dewey Decimal Classification Unchecked   مكتبة الاميرة بديعة مكتبة الاميرة بديعة الإعارة 06/07/2004 445407   214.2/جبا   28/07/2025 06/07/2004 كتب
    Dewey Decimal Classification     مكتبة الجويدة مكتبة الجويدة الإعارة 28/07/2025 445408   214.2/جبا 445408 28/07/2025 28/07/2025 كتب
    Dewey Decimal Classification Unchecked   مكتبة الحسن العامة مكتبة الحسن العامة الإعارة 06/07/2004 445409   214.2/جبا   28/07/2025 06/07/2004 كتب
    Dewey Decimal Classification     مكتبة النصر العامة مكتبة النصر العامة الإعارة 28/07/2025 445415   214.2/جبا 445415 28/07/2025 28/07/2025 كتب
    Dewey Decimal Classification     مكتبة حمزة العامة مكتبة حمزة العامة الإعارة 26/01/2016 445410   214.2/جبا PLD00370116 28/07/2025 26/01/2016 كتب
    Dewey Decimal Classification     مكتبة صويلح العامة مكتبة صويلح العامة الإعارة 06/07/2004 445405   214.2/جبا 445405 28/07/2025 06/07/2004 كتب
    Dewey Decimal Classification     مكتبة صويلح العامة مكتبة صويلح العامة الإعارة 07/10/2015 445411   214.2/جبا PLD00352788 28/07/2025 07/10/2015 كتب
    Dewey Decimal Classification     مكتبة وادي السير العامة مكتبة وادي السير العامة الإعارة 06/07/2004 445414   214.2/جبا 445414 28/07/2025 06/07/2004 كتب
Implemented & Customized by: BBB with SCIT (Smart Chains for Information Technology)

Powered by Koha